| 000 | 01394njm a2200289 i 4500 | ||
|---|---|---|---|
| 001 | 4913 | ||
| 003 | ES-MaACL | ||
| 005 | 20250915063028.0 | ||
| 007 | s|r||||||||||| | ||
| 008 | 070823s1980 sp ||| g ||||||||1|nspa d | ||
| 100 | 1 |
_aTruyol y Serra, Antonio, _d1913-2003 _9111597 |
|
| 245 | 1 | 0 |
_aConmemoración del 30 aniversario del Convenio Europeo para la Protección de los Derechos Humanos y las Libertades Fundamentales _h[Grabación sonora] / _cintervienen Antonio Truyol y Serra y Carlos Corral Salvador ; presenta Fernando Chueca Goitia. |
| 260 |
_aMadrid : _bAteneo de Madrid, _c1980. |
||
| 300 |
_a2 disco (CD-DA) (57 min. 59 seg.) (falta disco 2) ; _c12 cm. |
||
| 500 | _aDatos basados en la invitación. | ||
| 500 | _aPrimer acto celebrado por la Junta Gestora del Ateneo presidida por Fernando Chueca Goitia. | ||
| 518 | _aActo organizado por el Ateneo de Madrid, grabado en el salón de actos el lunes 3 de noviembre de 1980, a las 19:30 h. | ||
| 610 | 2 | 4 |
_aAteneo de Madrid- _xActos culturales- _y1980- _vGrabaciones sonoras. _91891 |
| 650 | 1 | 4 |
_aDerechos humanos- _zEuropa occidental. _911776 |
| 700 | 1 |
_aCorral, Carlos. _940707 |
|
| 700 | 1 |
_aChueca Goitia, Fernando, _d1911-2004 _938688 |
|
| 710 | 2 |
_aAteneo de Madrid. _91875 |
|
| 852 |
_aES-MaACL _jROT 4/4/20 _95030 _cROT |
||
| 852 |
_aES-MaACL _jROT 4/4/21 _9203544 _cROT |
||
| 942 | _2udc | ||
| 999 |
_c4913 _d4913 |
||